| 000 | 01561nam a2200349Ia 4500 | ||
|---|---|---|---|
| 001 | ebr10279254 | ||
| 003 | CaPaEBR | ||
| 006 | m u | ||
| 007 | cr cn||||||||| | ||
| 008 | 970725s1999 nyuab sb 001 0 eng d | ||
| 010 | _z 97035716 | ||
| 020 | _z0195120078 (hc : acid-free paper) | ||
| 020 | _z9780195120073 | ||
| 040 |
_aCaPaEBR _cCaPaEBR |
||
| 035 | _a(OCoLC)45733862 | ||
| 050 | 1 | 4 |
_aBL1945.T5 _bH83 1999eb |
| 082 | 0 | 4 |
_a294.3/923/09515 _221 |
| 100 | 1 |
_aHuber, Toni, _d1956- |
|
| 245 | 1 | 4 |
_aThe cult of Pure Crystal Mountain _h[electronic resource] : _bpopular pilgrimage and visionary landscape in southeast Tibet / _cToni Huber. |
| 260 |
_aNew York : _bOxford University Press, _c1999. |
||
| 300 |
_axv, 297 p. : _bill., map. |
||
| 500 | _aBased on the author's thesis (doctoral)--University of Canterbury. | ||
| 504 | _aIncludes bibliographical references (p. 265-282) and index. | ||
| 533 |
_aElectronic reproduction. _bPalo Alto, Calif. : _cebrary, _d2013. _nAvailable via World Wide Web. _nAccess may be limited to ebrary affiliated libraries. |
||
| 546 | _aText in English and a word list in Tibetan. | ||
| 650 | 0 |
_aBuddhism _zChina _zTibet Autonomous Region _xCustoms and practices. |
|
| 650 | 0 |
_aMountain worship _zChina _zTibet Autonomous Region. |
|
| 651 | 0 |
_aTibet Autonomous Region (China) _xReligious life and customs. |
|
| 655 | 7 |
_aElectronic books. _2local |
|
| 710 | 2 | _aebrary, Inc. | |
| 856 | 4 | 0 |
_uhttp://site.ebrary.com/lib/rucke/Doc?id=10279254 _zAn electronic book accessible through the World Wide Web; click to view |
| 999 |
_c3817 _d3817 |
||